000 00411nam a22001577a 4500
020 _a0-099-48832-9
082 _a823
_bCHA/L
100 _aCHASE, KATIE
245 _aLITTLE PRINCESSES
_bTHE SNOWFLAKE PRINCESS
246 _aLITTLE PRINCESSES
_bTHE SNOWFLAKE PRINCESS
260 _aBRITIAN
_bRANDOM HOUSE CHILDREN'S BOOKS
_c2006
300 _a105
520 _aSHORT STORY
650 _aSHORT STORY
942 _cBK
999 _c3184
_d3184